Finančná analýza podniku ako informačný zdroj v procese ohodnocovania podniku diplomová práca

Guardado en:
Detalles Bibliográficos
Autor principal: Bělina, Igor
Autor Corporativo: Fakulta podnikového manažmentu EU. Katedra podnikových financií
Otros Autores: Moravčíková, Elena, 1967-
Formato: Libro
Lenguaje:eslovaco
Publicado: Bratislava 2011
Etiquetas: Agregar Etiqueta
Sin Etiquetas, Sea el primero en etiquetar este registro!

MARC

LEADER 00000nbm a2200000 4500
001 0131413
005 20161109101701.4
041 0 |a slo 
044 |a SK 
245 1 0 |a Finančná analýza podniku ako informačný zdroj v procese ohodnocovania podniku  |b diplomová práca  |c Igor Bělina ; školiteľ: Elena Moravčíková 
264 1 |a Bratislava  |c 2011 
300 |a 96 s. 
100 1 |a Bělina, Igor 
700 1 |a Moravčíková, Elena, 1967- 
710 2 |a Fakulta podnikového manažmentu EU. Katedra podnikových financií